Regioni italiane dal capoluogo - Statistics

Statistiche generali
  • Questo quiz è stato fatto 182 volte
  • Il punteggio medio è 19 su 20
Statistiche sulle risposte
Capoluogo Regione % Corretto
Milano Lombardia
100%
Roma Lazio
99%
Torino Piemonte
99%
Aosta Valle d'Aosta
99%
Bologna Emilia Romagna
98%
Genova Liguria
98%
Trento Trentino Alto Adige
98%
Perugia Umbria
98%
Venezia Veneto
98%
Trieste Friuli Venezia Giulia
97%
Palermo Sicilia
97%
Firenze Toscana
97%
Ancona Marche
96%
Bari Puglia
96%
Cagliari Sardegna
96%
Catanzaro Calabria
95%
Napoli Campania
95%
Campobasso Molise
95%
L'Aquila Abruzzo
91%
Potenza Basilicata
91%
Nessun quiz corrispondente trovato
Distribuzione punteggi
Percentuale di utenti per punteggio
Percentile per numero di risposta
I tuoi punteggi nel tempo
Non hai fatto questo quiz